United States Code Quiz Stats

 Plays Quiz not verified by Sporcle

Challenge
Share
Tweet
Embed
Score 0/52 Timer 15:00
0 Plays Today
% Correct
Title 01
92.3%
Title 02
84.6%
Title 18
84.6%
Title 03
80.8%
Title 08
80.8%
Title 09
80.8%
Title 10
80.8%
Title 11
80.8%
Title 15
80.8%
Title 25
80.8%
Title 26
80.8%
Title 28
80.8%
Title 31
80.8%
Title 42
80.8%
Title 06
76.9%
Title 07
76.9%
Title 12
76.9%
Title 13
76.9%
Title 19
76.9%
Title 22
76.9%
Title 30
76.9%
Title 32
76.9%
Title 40
76.9%
Title 46
76.9%
Title 04
73.1%
Title 20
73.1%
% Correct
Title 21
73.1%
Title 27
73.1%
Title 29
73.1%
Title 37
73.1%
Title 41
73.1%
Title 50
73.1%
Title 14
69.2%
Title 16
69.2%
Title 24
69.2%
Title 47
69.2%
Title 52
69.2%
Title 54
69.2%
Title 05
65.4%
Title 23
65.4%
Title 33
65.4%
Title 45
65.4%
Title 17
61.5%
Title 35
61.5%
Title 39
61.5%
Title 38
61.5%
Title 51
61.5%
Title 36
57.7%
Title 43
57.7%
Title 48
57.7%
Title 44
50%
Title 49
46.2%

You're not logged in!

Compare scores with friends on all Sporcle quizzes.
Join for Free
OR
Log In

You Might Also Like...

Show Comments

Extras

Top Quizzes Today


Score Distribution

Your Account Isn't Verified!

In order to create a playlist on Sporcle, you need to verify the email address you used during registration. Go to your Sporcle Settings to finish the process.

Report this User

Report this user for behavior that violates our Community Guidelines.

Details: